000 00713nam a2200241 a 4500
008
020 _a0140800980 (pbk.)
049 _aMAIN
090 _aQD461
100 1 _aUrch, D. S.
_q(David Selway)
245 1 0 _aOrbitals and symmetry/
_cby D. S. Urch.
260 _aHarmondsworth :
_bPenguin,
_c1970.
300 _a256 p. :
_bill. ;
_c21 cm.
440 0 _aPenguin library of physical sciences. Chemistry.
504 _aIncludes bibliographical references.
650 0 _aMolecular orbitals.
650 0 _aSymmetry (Physics)
907 _a.b10027427
_b31-05-04
_c17-04-03
003
005 20230123133145.0
040 _cNUST
942 _cBOOKS
_kQD461
999 _c143732
_d143732